000 00667nam a2200241Ia 4500
003 OSt
005 20220918164859.0
006 a|||||r|||| 00| 0
007 ta
008 220917b |||||||| |||| 00| 0 eng d
020 _a0804741654 (hbk)
024 _a156,831
037 _cTextual
040 _aARTS
_cARTS
_beng
041 _2eng
_aeng
082 _aX.58.N, P1
245 0 _aNew Russia
_b transition gone awry edited by Lawrence R .Klein and Marshall Pomer
260 _aStanford
_bStanford University Press
_c2001
300 _axxiii, 454p.
_ccm.
650 _aECONOMICS
942 _hX.58.N, P1
_cTEXL
_2CC
999 _c127194
_d127194